000 00774nam a2200229 i 4500
001 27821
003 ES-MaACL
005 20250929063056.0
007 t|
008 030115s1967 sp ||||1| spa d
080 _a371.03:28-053.7
100 1 _aBabin, Pierre,
_d1925-2012
_924418
245 1 3 _aLa formación religiosa de preadolescentes y adolescentes
_b: orientaciones pedagógicas /
_cPierre Babin y Bagot.
260 _aMadrid :
_bMarova,
_c[1967]
300 _a118 p. ;
_c19 cm.
490 1 _aColección de Pastoral Catequética
650 7 _aEducación cristiana
_2embne
_912090
700 1 _aBagot, Jean Pierre.
_924642
830 0 _aColección de Pastoral Catequética
_9229232
852 _aES-MaACL
_jC-33811
_bR.64678
999 _c27821
_d27821